000 02078nam0a2200397 4500
001 RU\NLR\BIBL_A\012704052
005 20250624123249.0
020 _aRU
_9Сводный каталог листовок первых лет Советской власти (25 октября (7 ноября) 1917 - 1925)
035 _a(NLR Aleph) 012704052
090 _a12888157
_c12888157
100 _a20220203d1918 |||y0rusy50 ca
101 0 _arus
102 _aRU
105 _ay z 000zy
135 _acrgn 008anaba
200 1 _aВоззвание. [О роли Советов в борьбе с контрреволюцией
_eлистовка]
210 _aБыхов
_cТип. Эпштейна
_d[1918]
215 _a1 с.
_d22x12
300 _aПодпись: Быховский Совет крестьянских, солдатских и рабочих депутатов
300 _aОбращение: Граждане мирного труда и солдаты!
316 _aЭкз. РНБ деф.: повреждены вых. дан
_5NLR
325 _aКопия доступна в Электрон. б-ке РНБ
517 1 _aО роли Советов в борьбе с контрреволюцией
517 1 _aГраждане мирного труда и солдаты!
607 _aБелорусская ССР
_jЛистовки
_xПолитика и управление
_z1917 - 1925
_92504966
_3RU\NLR\AUTH\6601700715
686 0 _aТ3(2Б)71-313,011
711 0 2 _aБыховский совет крестьянских, солдатских и рабочих депутатов
_9521281
_3RU\NLR\AUTH\880428378
852 0 0 _aNLR
_bФЛ
_j25/158
942 _cBOOK
980 _aNB
981 2 1 _a(21) Листовки
_b(21) Листовки 1918 года